Miami Heat Starters of the Last 10 Years - Statistics

General Stats
  • This quiz has been taken 109 times
    5 since last reset
  • The average score is 31 of 66
Answer Stats
Games Year(s) Position Before Heat Player % Correct
5 2021 SF/PF Golden State Warriors Andre Iguodala
100%
85 2025-26 SF Golden State Warriors Andrew Wiggins
100%
536 2018-26 C/PF Kentucky Bam Adebayo
100%
85 2025-26 PG Toronto Raptors Davion Mitchell
100%
2 2019 SG/SF Cleveland Cavaliers Dwyane Wade
100%
58 2021-23 PG/SG Stockton Kings Gabe Vincent
100%
184 2017-21 PG/SG Phoenix Suns Goran Dragic
100%
184 2017-19 C Iowa Energy Hassan Whiteside
100%
38 2024-26 SF UCLA Jaime Jaquez Jr.
100%
79 2017-19 PF Toronto Raptors James Johnson
100%
194 2017-19, 2024 SF/SG Tennessee Josh Richardson
100%
70 2025-26 C Indiana Kel'el Ware
100%
31 2023-25 PF Cleveland Cavaliers Kevin Love
100%
142 2022-24 PG Toronto Raptors Kyle Lowry
100%
4 2018 PF Sioux Falls Skyforce Okaro White
100%
70 2022 PF Milwaukee Bucks P.J. Tucker
100%
245 2020-26 SG/PG Kentucky Tyler Herro
100%
49 2018-19 PG/SG Sioux Falls Skyforce Tyler Johnson
100%
84 2022-24 SF/SG Charlotte Hornets Caleb Martin
50%
38 2018-20 SF/PF Phoenix Suns Derrick Jones Jr.
50%
11 2017 PF New York Knicks Derrick Williams
50%
15 2022 C Atlanta Hawks Dewayne Dedmon
50%
101 2017-19 SG/PG Oklahoma City Thunder Dion Waiters
50%
3 2023, 2025-26 PG/SG Sioux Falls Skyforce Dru Smith
50%
283 2019-25 SG/SF Michigan Duncan Robinson
50%
80 2022-25 SF/PF Delaware Blue Coats Haywood Highsmith
50%
8 2020 PF/SF Memphis Grizzlies Jae Crowder
50%
327 2020-25 SF/PF Philadelphia 76ers Jimmy Butler
50%
97 2017-20 SF/PF Duke Justise Winslow
50%
12 2026 PG Illinois Kasparas Jakucionis
50%
105 2018-21 C/PF Boston Celtics Kelly Olynyk
50%
111 2020-21 PG Santa Cruz Warriors Kendrick Nunn
50%
1 2025 SF Golden State Warriors Kyle Anderson
50%
60 2017-18 PF/SF New Orleans Pelicans Luke Babbitt
50%
49 2022-23 SF/SG Chicago Bulls Max Strus
50%
57 2023-26 PF/C Mega Basket (Serbia) Nikola Jovic
50%
52 2026 SG Los Angeles Clippers Norman Powell
50%
8 2023-24 C Sioux Falls Skyforce Orlando Robinson
50%
62 2025-26 SG BC Lulea (Sweden) Pelle Larsson
50%
53 2024-25 PG Charlotte Hornets Terry Rozier
50%
4 2024 C Denver Nuggets Thomas Bryant
50%
5 2019-20, 2023 PF/C Chalon-sur-Saone (France) Udonis Haslem
50%
5 2017 C Brooklyn Nets Willie Reed
50%
1 2021 SG Los Angeles Lakers Avery Bradley
0%
2 2023 C Portland Trail Blazers Cody Zeller
0%
1 2024 PG Washington Wizards Delon Wright
0%
1 2024 PF Oakland Jamal Cain
0%
3 2018 C Boston Celtics Jordan Mickey
0%
14 2017 PF Charlotte Bobcats Josh McRoberts
0%
9 2021 PF/SF Stanford KZ Okpala
0%
1 2022 PF Los Angeles Lakers Markieff Morris
0%
3 2021 SF/PF New York Knicks Maurice Harkless
0%
51 2020-21 C Portland Trail Blazers Meyers Leonard
0%
1 2022 PG Orlando Magic Mychal Mulder
0%
7 2026 SF Osceola Magic Myron Gardner
0%
2 2021 C Sacramento Kings Nemanja Bjelica
0%
12 2022 C Oklahoma City Blue Omer Yurtseven
0%
5 2024 SG Atlanta Hawks Patty Mills
0%
4 2021 PF/C Memphis Precious Achiuwa
0%
2 2024 PG Detroit Pistons R.J. Hampton
0%
112 2017-19 SG/PG Sioux Falls Skyforce Rodney McGruder
0%
9 2026 SF Detroit Pistons Simone Fontecchio
0%
1 2020 PF Memphis Grizzlies Solomon Hill
0%
27 2021 PF/SF Portland Trail Blazers Trevor Ariza
0%
7 2021-23 PG/SF Houston Rockets Victor Oladipo
0%
27 2017-19 SG/SF Brooklyn Nets Wayne Ellington
0%
No matching quizzes found
Score Distribution
Percent of People with Each Score
Percentile by Number Answered
Your Score History
You have not taken this quiz since the last reset